Télévision : (Record no. 76045)

MARC details
000 -LEADER
campo de control de longitud fija 01104cam a2200313Mi 4500
001 - NÚMERO DE CONTROL
campo de control 103079
005 - FECHA Y HORA DE LA ÚLTIMA TRANSACCIÓN
campo de control 20230410130544.0
008 - DATOS DE LONGITUD FIJA--INFORMACIÓN GENERAL
campo de control de longitud fija 040323s2002 xx 000 0 fre d
035 ## - NÚMERO DE CONTROL DEL SISTEMA
Número de control de sistema (OCoLC)ocn237826199
040 ## - FUENTE DE CATALOGACIÓN
Centro catalogador/agencia de origen GEBAY
Normas de descripción rakwb
Lengua de catalogación ger
Centro/agencia transcriptor GEBAY
020 ## - NÚMERO INTERNACIONAL ESTÁNDAR DEL LIBRO
Número Internacional Estándar del Libro 2844810667
020 ## - NÚMERO INTERNACIONAL ESTÁNDAR DEL LIBRO
Número Internacional Estándar del Libro 9782844810663
035 ## - NÚMERO DE CONTROL DEL SISTEMA
Número de control de sistema (OCoLC)237826199
049 ## - FONDOS LOCALES (OCLC)
Biblioteca depositaria GRAL
050 14 - SIGNATURA TOPOGRÁFICA DE LA BIBLIOTECA DEL CONGRESO
Número de clasificación PN 1992.3
Número de ítem P474t 2002
082 00 - NÚMERO DE LA CLASIFICACIÓN DECIMAL DEWEY
Número de clasificación 384.551
100 1# - ENTRADA PRINCIPAL--NOMBRE DE PERSONA
Nombre de persona Peskine, Jacques,
Fechas asociadas al nombre 1947-
245 00 - MENCIÓN DEL TÍTULO
Título Télévision :
Resto del título l’offre et la demande de programmes :
-- éléments d’économie de l’audiovisuel /
Mención de responsabilidad, etc. Jacques Peskine
260 ## - PUBLICACIÓN, DISTRIBUCIÓN, ETC.
Lugar de publicación, distribución, etc. Paris :
Nombre del editor, distribuidor, etc. Dixit ;
Lugar de publicación, distribución, etc. Paris :
Nombre del editor, distribuidor, etc. Université Paris 1--Panthéon-Sorbonne, DESS communication audiovisuel :
-- Distribution VILO,
Fecha de publicación, distribución, etc. [2002]
300 ## - DESCRIPCIÓN FÍSICA
Extensión 144 p. :
Otras características físicas ill. ;
Dimensiones 24 cm.
650 #0 - PUNTO DE ACCESO ADICIONAL DE MATERIA--TÉRMINO DE MATERIA
Término de materia o nombre geográfico como elemento de entrada Television broadcasting
Subdivisión general Economic aspects
Subdivisión geográfica France.
650 #4 - PUNTO DE ACCESO ADICIONAL DE MATERIA--TÉRMINO DE MATERIA
Término de materia o nombre geográfico como elemento de entrada Industria cultural
Subdivisión general Aspectos económicos.
650 #4 - PUNTO DE ACCESO ADICIONAL DE MATERIA--TÉRMINO DE MATERIA
Término de materia o nombre geográfico como elemento de entrada Industria de la televisión.
650 #4 - PUNTO DE ACCESO ADICIONAL DE MATERIA--TÉRMINO DE MATERIA
Término de materia o nombre geográfico como elemento de entrada Televisión
Subdivisión general Aspectos económicos.
650 #4 - PUNTO DE ACCESO ADICIONAL DE MATERIA--TÉRMINO DE MATERIA
Término de materia o nombre geográfico como elemento de entrada Industria de la televisión.
942 ## - ELEMENTOS DE ENTRADA SECUNDARIOS (KOHA)
Fuente del sistema de clasificación o colocación Clasificación de Library of Congress
Tipo de ítem Koha
994 ## -
-- C0
-- DRFGD
946 ## - PROCESAMIENTO DE INFORMACIÓN LOCAL (OCLC)
a nc
Holdings
Estatus retirado Estado de pérdida Fuente del sistema de clasificación o colocación Estado de daño No para préstamo Colección Biblioteca de origen Biblioteca actual Ubicación en estantería Fecha de adquisición Serial enumeration / chronology Signatura topográfica completa Código de barras Visto por última vez Copia número Tipo de ítem Koha
    Clasificación de Library of Congress     Humanidades Biblioteca Juan Bosch Biblioteca Juan Bosch Humanidades (4to. Piso) 10/04/2023 1 PN 1992.3 P474t 2002 00000097543 25/10/2018 1